000 00718cam a2200193 a 4500
020 _a0309051118 :
082 0 0 _a625.76
_bNAT
245 0 0 _aHighway maintenance operations and research 1991.
260 _aWashington, D.C. :
_bTransportation Research Board, National Research Council,
_c1991.
300 _avii, 302 p. :
_bill. ;
_c28 cm.
500 _a"A peer-reviewed publication of the Transportation Research Board."
526 _a0
_b0
_c0
_d625_760000000000000_NAT
650 0 _aBridges
_xMaintenance and repair.
_9802
650 0 _aConcrete
_xCorrosion.
_943721
650 0 _aMCE
_9379
650 0 _aRoads
_xMaintenance and repair.
_919609
710 2 _aNational Research Council (U.S.).
_920017
942 _2ddc
_cBK
999 _c547539
_d547539